Türkiye'nin modernleşmesi sürecinde Şemseddin Günaltay / (Record no. 13693)

MARC details
000 -BAŞLIK
Sabit Uzunlukta Kontrol Alanı 00811nam a22002297a 4500
999 ## - SİSTEM KONTROL NUMARALARI (KOHA)
Koha Biblionumber 13693
Koha Biblioitemnumber 13693
003 - KONTROL NUMARASI IDENTIFIER
Denetim Alanı MIRAKIL
005 - SON İŞLEM TARİHİ VE ZAMANI
Denetim Alanı 20200108142832.0
008 - SABİT-BOY VERİ ELEMANLARI - GENEL BİLGİLER
Sabit Uzunlukta Kontrol Alanı 200108b tu ||||| |||| 00| 0 tur d
020 ## - ULUSLARARASI STANDART KİTAP NUMARASI
Uluslararası Standart Kitap Numarası 9756788119
040 ## - KATALOGLAMA KAYNAK
Orijinal Kataloglama Ajansı TR-AnCHP
Metne Dönüştürmek Ajansı TR-AnCHP
041 ## - DİL KODU
Metin / Ses Parça Veya Ayrı Başlığın Dil Kodu tur
082 ## - DEWEY ONLU SINIFLANDIRMA NUMARASI
Sınıflandırma Numarası 923.2 Günaltay,Ş.
Ürün Numarası Ç37t 2003
100 ## - ANA GİRİŞ - KİŞİSEL İSİM
Kişisel Ad Çetinkaya, Bayram Ali
245 10 - BAŞLIK TABLOSU
Başlık Türkiye'nin modernleşmesi sürecinde Şemseddin Günaltay /
Sorumluluk Tablosu, Vb Bayram Ali Çetinkaya.
260 ## - YAYIN, DAĞITIM, VB
Yayın, Dağıtım, Vb Yeri Ankara :
Yayıncı, Dağıtıcı, Vs Adı Araştırma Yayınları,
Yayın, Dağıtım, Vb Tarihi 2003.
300 ## - FİZİKSEL TANIM
Kapsam 128 s.:
Boyutlar 21 sm.
490 0# - SERİSİ TABLOSU
Seri Beyanı Araştırma yayınları;
Hacim / Ardışık Tanımı 11.
504 ## - KAYNAKÇA VB NOT
Kaynakça Vb Notu Kaynakça ve dizin vardır.
600 #0 - KONU KATMA GİRİŞ - KURUMSAL ADI
9 (RLIN) 6183
Kişisel Ad Günaltay, Şemseddin
Başlıklar Ve Bir Adla İlişkili Diğer Kelimeler Türkiye Cumhuriyeti 8. Başbakanı
Bir Adıyla İlişkilendirilen Tarihler 1883-1961
Genel Alt Bölümü yaşamöyküsü
650 #0 - KONU KATMA GİRİŞ - TOPİKAL DÖNEM
9 (RLIN) 5074
Topikal Süreli Veya Coğrafi Ad Giriş Elemanı Devlet adamları
Genel Alt Bölümü yaşamöyküsü
Coğrafi Alt Bölümü Türkiye
942 ## - EKLENDİ GİRİŞ ELEMANLARI (KOHA)
Sınıflandırma Veya Raf Düzeni Kaynak Dewey Decimal Classification
Koha Öğesi Türü Books
Holdings
Kalıcı Konum Mevcut Konum Edinme Tarihi Toplam Check-Out'Lar Tam Çağrı Numarası Barkod Tarih Son Görülme İtibaren Geçerli Fiyatlar Sigara Kamu Notu Koha Öğesi Türü
CHP Kütüphanesi CHP Kütüphanesi 01/08/2020   923.2 Günaltay,Ş. Ç37t 2003 013473 01/08/2020 01/08/2020 Ertuğrul Çepni bağışıdır. Books